The Macmillan dictionary of biography
| Main Authors: | , |
|---|---|
| Format: | Book |
| Published: |
London :
Macmillan ,
1981
|
| Subjects: |
MARC
| LEADER | 00000cam a2200000 7i4500 | ||
|---|---|---|---|
| 001 | 0000006118 | ||
| 005 | 20200727105647.0 | ||
| 008 | 021119s1981 | ||
| 020 | |a 0333272749 | ||
| 090 | 0 | 0 | |a CT103 |b .J693 1981 |
| 100 | 0 | |a Jones, Barry , |e author | |
| 245 | 0 | 4 | |a The Macmillan dictionary of biography |c Barry Jones and M. V. Dixon |
| 260 | 2 | |a London : |b Macmillan , |c 1981 | |
| 300 | |a 854 p. ; |c 24 cm. | ||
| 650 | 0 | |a Biography |v Dictionaries | |
| 700 | 0 | |a Dixon, M. V. [ |q (Meredith Vibart)] , |d 1898- , |e author | |
| 999 | |a 1000017676 |b Book |c Reference |e Gong Badak Campus | ||